[Event "34. Bayerische Senioren EM"]
[Site "Bergen im Chiemgau"]
[Date "2024.05.30"]
[Round "3.8"]
[White "Brettschneider, Karl"]
[Black "Röder, Gerd"]
[Result "1/2-1/2"]
[WhiteElo "1965"]
[BlackElo "2139"]
[PlyCount "125"]
[EventDate "2024.??.??"]
[WhiteTeam "SC Leinfelden"]
[BlackTeam "SV Altensittenbach"]

{[%evp 0,125,29,-7,30,30,19,34,29,18,49,-16,-15,11,-7,-40,-20,-26,-29,-31,-30,
-39,-30,-33,-37,-45,-25,-42,-44,-86,-79,-87,-70,-73,-74,-99,-100,-76,5,-31,0,0,
0,0,16,-173,-97,-117,-117,-103,-119,-114,-118,-168,-146,-170,-310,-389,-386,
-401,-393,-537,-72,-40,-34,-20,-14,-19,-5,0,0,-54,-54,-45,-50,-55,-38,-31,-15,
-43,-46,-47,-55,-50,-44,-68,-83,-95,-96,-93,-96,-43,-49,-35,0,-37,0,0,52,53,
100,110,118,0,0,0,0,0,0,0,0,0,0,0,0,0,0,0,0,0,0,0,0,0,0,0,0,0]} 1. c4 c6 2. Nc3
d5 3. cxd5 cxd5 4. d4 Nf6 5. g3 Nc6 6. Bg2 Bf5 7. a3 e6 8. Nf3 h6 9. O-O Be7
10. h3 O-O 11. Be3 Rc8 12. g4 Bh7 13. Rc1 Na5 14. Nd2 Qb6 15. b4 Nc4 16. Nxc4
Rxc4 17. Qd2 Rfc8 18. Na4 Qa6 19. Nc5 Qxa3 20. Rxc4 dxc4 21. Bxb7 Rb8 22. Bf4
Rd8 23. Bc7 c3 24. Qe3 Nd5 25. Bxd5 Rxd5 26. Nxe6 Qxb4 27. Rc1 c2 28. Nf4 Rxd4
29. Nd3 Bxd3 30. exd3 Qc5 31. Be5 Rd5 32. d4 Qc4 33. Qd2 f6 34. Rxc2 Qb4 35.
Qxb4 Bxb4 36. Bb8 a5 37. Ba7 Rd7 38. Bc5 Rc7 39. Kg2 Kf7 40. Kf3 Ke6 41. Ke4 g6
42. h4 f5+ 43. gxf5+ gxf5+ 44. Kf4 Kd5 45. Kxf5 Bxc5 46. dxc5 Rxc5 47. Ra2 Kc4+
48. Kg6 Rc6+ 49. Kg7 Kb4 50. f4 Rc4 51. Kxh6 Rxf4 52. Kg5 Rf1 53. h5 Rg1+ 54.
Kf6 Rh1 55. Kg6 a4 56. h6 Kb3 57. Rxa4 Kxa4 58. h7 Kb5 59. Kg7 Rg1+ 60. Kf8 Rh1
61. Kg7 Kc6 62. h8=Q Rxh8 63. Kxh8 1/2-1/2

[Event "34. Bayerische Senioren EM"]
[Site "Bergen im Chiemgau"]
[Date "2024.05.30"]
[Round "3.9"]
[White "Dresen, Ulrich"]
[Black "Jachs, Walter"]
[Result "1-0"]
[Annotator "helga"]
[BlackElo "1964"]
[BlackTeam "SC Haar"]
[EventDate "2024.??.??"]
[PlyCount "67"]
[WhiteElo "2120"]
[WhiteTeam "Elberfelder SG"]

1. Nf3 g6 2. e4 d6 3. d4 Nf6 4. Nc3 Bg7 5. Bc4 O-O 6. Bb3 Nc6 7. h3 e5 8. dxe5
Nxe5 9. Bg5 h6 10. Nxe5 dxe5 11. Qxd8 Rxd8 12. Bxf6 Bxf6 13. Nd5 Bg7 14. Nxc7
Rb8 15. O-O Bd7 16. Rad1 Bc6 17. f3 Rbc8 18. Nd5 Bxd5 19. Bxd5 b6 20. c3 g5 21.
g3 Kf8 22. f4 exf4 23. gxf4 gxf4 24. Rxf4 Rc7 25. Rdf1 Rdd7 26. a4 a5 27. Rf5
Re7 28. R1f2 Red7 29. Kf1 Re7 30. Ke2 Red7 31. Kd3 Re7 32. h4 Red7 33. Rg2 Re7
34. Rg6  1-0

[Event "34. Bayerische Senioren EM"]
[Site "Bergen im Chiemgau"]
[Date "2024.05.30"]
[Round "3.10"]
[White "Oechslein, Rainer"]
[Black "Fischer, Manfred"]
[Result "1/2-1/2"]
[BlackElo "1949"]
[BlackTeam "SK Töging"]
[EventDate "2024.??.??"]
[PlyCount "64"]
[WhiteElo "2097"]
[WhiteTeam "SK Schweinfurt"]

1. d4 g6 2. e4 Bg7 3. c4 d6 4. Nc3 Nd7 5. Be3 e5 6. Nge2 Ngf6 7. f3 O-O 8. Qd2
Nb6 9. b3 c6 10. O-O-O Be6 11. c5 dxc5 12. dxc5 Qxd2+ 13. Rxd2 Nbd7 14. Kb2
Rfd8 15. Nc1 Bf8 16. b4 a5 17. a3 axb4 18. axb4 Ne8 19. Be2 Nc7 20. Rhd1 Be7
21. Nb3 Kf8 22. Na5 Ra7 23. Bc4 Ke8 24. Kb3 Nf8 25. g3 Rxd2 26. Rxd2 Nd7 27.
Bxe6 Nxe6 28. Nc4 Ra1 29. Nd6+ Bxd6 30. Rxd6 Ke7 31. Rd1 Rxd1 32. Nxd1 Nc7 
1/2-1/2

[Event "34. Bayerische Senioren EM"]
[Site "Bergen im Chiemgau"]
[Date "2024.05.30"]
[Round "3.11"]
[White "Ernst, Michael"]
[Black "Korat, Bernard"]
[Result "1/2-1/2"]
[BlackElo "1943"]
[BlackTeam "vereinslos"]
[EventDate "2024.??.??"]
[PlyCount "45"]
[WhiteElo "2092"]
[WhiteTeam "Klosterneuburg"]

1. d4 d5 2. Bf4 e6 3. e3 Nf6 4. Nd2 Be7 5. h3 O-O 6. Ngf3 b6 7. c3 Bb7 8. Bd3
Nbd7 9. O-O Ne4 10. a4 a5 11. Ne5 Nxd2 12. Qxd2 Nxe5 13. Bxe5 f6 14. Bg3 Bd6
15. Bxd6 Qxd6 16. Qc2 f5 17. f3 c5 18. f4 Ba6 19. Bxa6 Rxa6 20. Qb3 c4 21. Qa3
Qc7 22. Rfc1 Rc8 23. Kf2  1/2-1/2

[Event "34. Bayerische Senioren EM"]
[Site "Bergen im Chiemgau"]
[Date "2024.05.30"]
[Round "3.12"]
[White "Gläser, Wilfried"]
[Black "Weimer, Lothar"]
[Result "1-0"]
[BlackElo "1946"]
[BlackTeam "SK Kriegshaber"]
[EventDate "2024.??.??"]
[PlyCount "65"]
[WhiteElo "2081"]
[WhiteTeam "SK Anderten"]

1. Nf3 d5 2. g3 Nf6 3. Bg2 b6 4. O-O Bb7 5. d3 e6 6. Nbd2 Be7 7. e4 c5 8. Re1
O-O 9. e5 Ne8 10. Nf1 d4 11. h4 Nc7 12. h5 Nd5 13. h6 g6 14. N1h2 Nd7 15. Bd2
Re8 16. Bh3 Qc7 17. Qc1 a5 18. Bg5 Bf8 19. Qd2 a4 20. a3 b5 21. Qe2 Ne7 22. Ng4
Nf5 23. Bg2 Ra6 24. Nd2 Bxg2 25. Kxg2 Ne7 26. Ne4 Qc6 27. Qf3 Nd5 28. c4 dxc3
29. bxc3 Rb8 30. c4 bxc4 31. dxc4 Ne7 32. Rad1 Nf5 33. Rxd7  1-0

[Event "34. Bayerische Senioren EM"]
[Site "Bergen im Chiemgau"]
[Date "2024.05.30"]
[Round "3.13"]
[White "Jaeger, Andre"]
[Black "Ghijsen, Pim"]
[Result "0-1"]
[BlackElo "2058"]
[BlackTeam "VAS"]
[EventDate "2024.??.??"]
[PlyCount "78"]
[WhiteElo "1942"]
[WhiteTeam "SC Rochade (Berlin)"]

1. d4 Nf6 2. c4 e6 3. Nc3 Bb4 4. f3 d5 5. a3 Bxc3+ 6. bxc3 O-O 7. cxd5 exd5 8.
e3 Bf5 9. Ne2 Nbd7 10. Ng3 Bg6 11. Bd3 Re8 12. Bxg6 hxg6 13. O-O c5 14. Qd3 Rc8
15. Bb2 Nb6 16. e4 Na4 17. Rab1 cxd4 18. cxd4 dxe4 19. fxe4 Nc5 20. Qf3 Ncxe4
21. Nxe4 Rxe4 22. d5 Qxd5 23. Bxf6 gxf6 24. Qxf6 Re2 25. Qf3 Qxf3 26. Rxf3 Rc7
27. Rd1 b6 28. Kf1 Ra2 29. Rfd3 Kg7 30. Re1 Rc5 31. h4 Kf6 32. Rd6+ Kg7 33. Rd3
Kh6 34. Kg1 Rcc2 35. g3 Kh5 36. Rf3 Kg4 37. Rxf7 Rg2+ 38. Kh1 Rh2+ 39. Kg1 Kh3 
0-1

[Event "34. Bayerische Senioren EM"]
[Site "Bergen im Chiemgau"]
[Date "2024.05.30"]
[Round "3.14"]
[White "Kell, Stefan"]
[Black "Neubauer, Jaroslaus"]
[Result "1/2-1/2"]
[WhiteElo "1933"]
[BlackElo "2046"]
[PlyCount "70"]
[EventDate "2024.??.??"]
[WhiteTeam "SK Mangfalltal"]
[BlackTeam "SK Schweinfurt"]

{[%evp 0,70,41,25,11,29,10,5,1,7,13,-17,11,18,17,-11,-7,-7,3,-7,11,11,15,11,26,
26,34,35,30,21,36,-11,21,11,20,12,29,40,32,45,41,47,45,50,50,58,52,-20,82,43,
91,91,70,73,135,109,156,168,135,168,170,168,198,207,239,135,134,114,136,139,
142,-5,-27]} 1. e4 e5 2. Nf3 Nc6 3. Bc4 Nf6 4. d3 Bc5 5. c3 d6 6. O-O a6 7. Bb3
O-O 8. h3 Ba7 9. Nbd2 Ne7 10. Re1 Ng6 11. Nf1 c6 12. Ng3 Be6 13. Bxe6 fxe6 14.
Qb3 Qe7 15. Be3 Bxe3 16. Rxe3 Kh8 17. d4 h6 18. dxe5 Nxe5 19. Nxe5 dxe5 20. Rd1
Rad8 21. Red3 Rxd3 22. Rxd3 h5 23. Qd1 g6 24. f3 h4 25. Nf1 Qc5+ 26. Kh2 Nh5
27. Rd8 Qe7 28. Rd7 Qg5 29. Qd2 Nf4 30. Ne3 Qg3+ 31. Kh1 Nxh3 32. Nf5 Nf2+ 33.
Kg1 Nh3+ 34. Kf1 Qf4 35. Ne3 Ng5 1/2-1/2

[Event "34. Bayerische Senioren EM"]
[Site "Bergen im Chiemgau"]
[Date "2024.05.30"]
[Round "3.15"]
[White "Schubert, Joachim"]
[Black "Beckers, Manfred"]
[Result "1/2-1/2"]
[BlackElo "1997"]
[BlackTeam "SC Plüderhausen"]
[EventDate "2024.??.??"]
[PlyCount "41"]
[WhiteElo "1926"]
[WhiteTeam "TSG Oberschöneweide e.V."]

1. e4 e5 2. Nf3 Nf6 3. Nc3 Nc6 4. Bb5 Be7 5. O-O d6 6. h3 O-O 7. d4 exd4 8. Nxd4
Nxd4 9. Qxd4 c6 10. Be2 Qc7 11. Be3 b5 12. a3 a6 13. f4 c5 14. Qd1 Bb7 15. Bf3
b4 16. Nd5 Nxd5 17. exd5 Bf6 18. axb4 cxb4 19. Rb1 Rfe8 20. Bd4 Bxd4+ 21. Qxd4 
1/2-1/2

[Event "34. Bayerische Senioren EM"]
[Site "Bergen im Chiemgau"]
[Date "2024.05.30"]
[Round "3.16"]
[White "Waltner, Herbert"]
[Black "Seibold, Günther"]
[Result "1-0"]
[BlackElo "1688"]
[BlackTeam "SG Traunstein/Traunreut"]
[EventDate "2024.??.??"]
[PlyCount "84"]
[WhiteElo "1749"]
[WhiteTeam "SV Steinhausen"]

1. e4 e6 2. d4 d5 3. e5 c5 4. c3 Nc6 5. Nf3 Nge7 6. Be2 Nf5 7. b3 b6 8. Na3 a6
9. O-O Bb7 10. Nc2 Be7 11. Bd3 O-O 12. h3 f6 13. Re1 fxe5 14. Nxe5 Qc8 15. Nf3
Qd7 16. Qe2 Nd8 17. Ne5 Qc7 18. Bf4 Bd6 19. Qg4 Kh8 20. Qh5 Bxe5 21. Rxe5 Qf7
22. Qxf7 Nxf7 23. Rxe6 g6 24. Rxb6 Ra7 25. dxc5 Rc8 26. b4 Kg7 27. Bxf5 gxf5
28. Nd4 Kg8 29. Nxf5 Re8 30. Kf1 Bc8 31. Nd6 Nxd6 32. Rxd6 Be6 33. Re1 Bf7 34.
Rxe8+ Bxe8 35. Rxd5 Bb5+ 36. Ke1 Re7+ 37. Re5 Rd7 38. Be3 Ba4 39. Bd4 Bb5 40.
Re6 Rd8 41. Kd2 Rf8 42. Rf6 Rd8  1-0

[Event "34. Bayerische Senioren EM"]
[Site "Bergen im Chiemgau"]
[Date "2024.05.30"]
[Round "3.17"]
[White "Hess, Christian"]
[Black "Zerweck, Christoph"]
[Result "1-0"]
[BlackElo "1917"]
[BlackTeam "SV Herrenberg e.V."]
[EventDate "2024.??.??"]
[PlyCount "46"]
[WhiteElo "2157"]
[WhiteTeam "FC ST.Pauli"]

1. Nf3 d5 2. d4 c6 3. c4 Nf6 4. e3 e6 5. b3 Nbd7 6. Bb2 Be7 7. Bd3 O-O 8. Nc3 b6
9. O-O Bb7 10. Qe2 Re8 11. Rad1 Qc7 12. Ne5 Rac8 13. f4 c5 14. cxd5 exd5 15.
Nb5 Qb8 16. Bf5 Red8 17. Kh1 a6 18. Nc3 cxd4 19. exd4 g6 20. Bh3 Bd6 21. Rde1
Qc7 22. Qf3 Bb4 23. Rc1 Qd6  1-0

[Event "34. Bayerische Senioren EM"]
[Site "Bergen im Chiemgau"]
[Date "2024.05.30"]
[Round "3.18"]
[White "Stephan, Hubert"]
[Black "Schatz, Christian"]
[Result "0-1"]
[BlackElo "2150"]
[BlackTeam "SC Postbauer-Heng"]
[EventDate "2024.??.??"]
[PlyCount "57"]
[WhiteElo "1878"]
[WhiteTeam "SC Prien"]

1. e4 c5 2. Nf3 g6 3. d4 cxd4 4. Nxd4 Bg7 5. c3 Nc6 6. Be3 Nf6 7. Qc2 O-O 8. Be2
d5 9. Nxc6 bxc6 10. Bd3 dxe4 11. Bxe4 Nd5 12. Bxd5 cxd5 13. O-O e5 14. Bc5 Re8
15. Nd2 Qc7 16. b4 Bf5 17. Qb3 Be6 18. Qc2 d4 19. cxd4 exd4 20. Rac1 Qd7 21.
Rcd1 d3 22. Qb1 Rad8 23. Rfe1 Qa4 24. Nb3 Bc4 25. f3 h5 26. Re4 Rxe4 27. fxe4
a6 28. Re1 d2 29. Rd1  0-1

[Event "34. Bayerische Senioren EM"]
[Site "Bergen im Chiemgau"]
[Date "2024.05.30"]
[Round "3.19"]
[White "Keller, Harald"]
[Black "Loibl, Johann"]
[Result "0-1"]
[BlackElo "1841"]
[BlackTeam "ÖSTERREICH"]
[EventDate "2024.??.??"]
[PlyCount "40"]
[WhiteElo "2052"]
[WhiteTeam "SV Rottweil"]

1. e4 e5 2. Nf3 Nc6 3. Bc4 Bc5 4. c3 Nf6 5. d3 d6 6. O-O O-O 7. a4 a5 8. Re1 Be6
9. Bxe6 fxe6 10. Qb3 Qd7 11. h3 Nh5 12. Be3 Bxe3 13. Rxe3 Nf4 14. Nbd2 Rf6 15.
Nf1 Raf8 16. Qd1 Qf7 17. N1h2 Rg6 18. Nh4 Nxg2 19. Nxg6 Qxf2+ 20. Kh1 Nxe3  0-1

[Event "34. Bayerische Senioren EM"]
[Site "Bergen im Chiemgau"]
[Date "2024.05.30"]
[Round "3.20"]
[White "Kieffer, Joachim"]
[Black "Trattner, Alfred"]
[Result "1-0"]
[BlackElo "1808"]
[BlackTeam "SV Holz Dohr Semriach"]
[EventDate "2024.??.??"]
[PlyCount "51"]
[WhiteElo "2040"]
[WhiteTeam "SK Bruckmühl"]

1. e4 e5 2. Nf3 Nc6 3. Nc3 Bc5 4. Nxe5 Bxf2+ 5. Kxf2 Nxe5 6. d4 Qf6+ 7. Ke1 Ng6
8. Be3 d6 9. Qf3 Qd8 10. Bd3 Nf6 11. Bg5 c6 12. Rf1 Qb6 13. Bxf6 gxf6 14. Qxf6
O-O 15. Kd2 Qc7 16. Rae1 b5 17. Ne2 Qa5+ 18. c3 Qxa2 19. Nf4 Nxf4 20. Rxf4 Qe6
21. e5 Qxf6 22. exf6 h5 23. Rh4 Bg4 24. h3 Rad8 25. Rf1 Be6 26. Rxh5  1-0

[Event "34. Bayerische Senioren EM"]
[Site "Bergen im Chiemgau"]
[Date "2024.05.30"]
[Round "3.21"]
[White "Hirstel, Serge"]
[Black "Fischer, Gerd"]
[Result "1/2-1/2"]
[WhiteElo "1880"]
[BlackElo "2022"]
[PlyCount "87"]
[EventDate "2024.??.??"]
[WhiteTeam "Hindisheim France"]
[BlackTeam "SC Ansbach"]

{[%evp 0,87,24,13,54,60,72,47,64,32,35,28,33,24,31,1,22,13,16,2,2,4,-5,-7,8,-8,
6,2,9,10,4,13,26,-6,-1,-6,-1,-72,-96,-86,-86,-80,63,15,-20,-40,-41,-80,-1,-5,
86,36,40,36,43,5,33,24,17,17,19,30,101,94,96,37,39,31,37,31,31,23,25,21,23,32,
40,71,64,43,35,38,35,35,52,37,52,54,78,9]} 1. e4 c5 2. Nf3 d6 3. Bb5+ Bd7 4. a4
Nc6 5. O-O g6 6. d4 cxd4 7. Nxd4 Bg7 8. Be3 Nf6 9. f3 O-O 10. c3 Ne5 11. Be2 d5
12. Nd2 dxe4 13. Nxe4 Nd5 14. Bf2 Nf4 15. Re1 Nxe2+ 16. Rxe2 Rc8 17. Rc1 Bh6
18. Be3 Bxe3+ 19. Rxe3 Nc4 20. Re2 f5 21. Nf2 e5 22. Nb5 Bxb5 23. Qxd8 Rcxd8
24. axb5 f4 25. Ne4 b6 26. b3 Ne3 27. Rd2 Rxd2 28. Nxd2 Rd8 29. Ne4 Rd3 30. Kf2
h6 31. Ke2 Rd8 32. g4 Kf7 33. c4 Ke7 34. Ra1 Rd7 35. Rc1 Rc7 36. Rc3 Ke6 37.
Rd3 Nc2 38. Rd6+ Kf7 39. Nd2 Nd4+ 40. Kd3 Re7 41. Ke4 Kg7 42. Rd5 Kf6 43. Rd6+
Kg7 44. Rd5 1/2-1/2

[Event "34. Bayerische Senioren EM"]
[Site "Bergen im Chiemgau"]
[Date "2024.05.30"]
[Round "3.22"]
[White "Limbach, Torsten"]
[Black "Klüber, Werner"]
[Result "1-0"]
[WhiteElo "1945"]
[BlackElo "1849"]
[PlyCount "97"]
[EventDate "2024.??.??"]
[WhiteTeam "SV Großhansdorf"]
[BlackTeam "SC Prichsenstadt"]

{[%evp 0,97,20,14,14,16,18,-10,17,26,49,43,43,30,31,13,7,13,53,53,76,65,74,79,
106,96,109,91,94,93,99,83,88,91,88,92,92,87,89,76,59,51,70,75,62,63,79,70,98,
84,90,89,146,97,102,97,99,91,92,79,79,76,77,65,78,99,143,129,325,323,351,381,
381,371,393,391,406,198,550,595,627,644,632,632,632,527,670,684,934,1074,1115,
602,1495,839,1061,1061,1091,938,1091,1064]} 1. d4 d5 2. Nf3 Nf6 3. g3 c6 4. Bg2
e6 5. O-O Be7 6. c4 O-O 7. Qc2 Nbd7 8. Nbd2 Re8 9. e4 dxe4 10. Nxe4 Nxe4 11.
Qxe4 Nf8 12. Rd1 Bd7 13. Ne5 f6 14. Nxd7 Qxd7 15. Be3 f5 16. Qc2 Qc7 17. Bf4
Qc8 18. Re1 Bf6 19. Be5 Bxe5 20. Rxe5 Ng6 21. Re2 Qd7 22. Rd1 Qf7 23. f4 Kh8
24. Rde1 Rac8 25. Qb3 b6 26. Qa4 Qd7 27. Qd1 Nf8 28. h3 h6 29. Rd2 Qc7 30. Kh2
Re7 31. Rde2 Rce8 32. Qa4 c5 33. d5 e5 34. fxe5 Rxe5 35. Qxe8 Rxe8 36. Rxe8 Qf7
37. R1e7 Qf6 38. Rxa7 f4 39. Raa8 fxg3+ 40. Kh1 Qd4 41. Rxf8+ Kh7 42. b3 Qd1+
43. Rf1 Qd4 44. Re8 h5 45. Ree1 g5 46. Rd1 Qh4 47. d6 g4 48. Rf4 Qg5 49. Rdf1
1-0

[Event "34. Bayerische Senioren EM"]
[Site "Bergen im Chiemgau"]
[Date "2024.05.30"]
[Round "3.23"]
[White "Mitschka, Manfred"]
[Black "Aßmann, Norbert"]
[Result "1/2-1/2"]
[BlackElo "1962"]
[BlackTeam "SF 1967 Sailauf e.V."]
[EventDate "2024.??.??"]
[PlyCount "40"]
[WhiteElo "1876"]
[WhiteTeam "SK Neuburg"]

1. d4 Nf6 2. c4 g6 3. Nc3 Bg7 4. e4 d6 5. Nf3 O-O 6. h3 c6 7. Bd3 Nbd7 8. O-O
Qc7 9. Rb1 a6 10. a4 e5 11. d5 c5 12. Nh2 Nh5 13. Qf3 Qa5 14. Bd2 Qd8 15. Ne2
Bf6 16. g4 Ng7 17. Qg2 g5 18. Ng3 Kh8 19. Qf3 Rg8 20. Kh1 Nf8  1/2-1/2

[Event "34. Bayerische Senioren EM"]
[Site "Bergen im Chiemgau"]
[Date "2024.05.30"]
[Round "3.24"]
[White "Heiler, Karl"]
[Black "Elbert, Gebhard"]
[Result "0-1"]
[BlackElo "1939"]
[BlackTeam "SF 1967 Sailauf e.V."]
[EventDate "2024.??.??"]
[PlyCount "42"]
[WhiteElo "1869"]
[WhiteTeam "TG Bad Waldsee 1848"]

1. e4 Nf6 2. e5 Nd5 3. d4 d6 4. c4 Nb6 5. exd6 exd6 6. Nc3 Be7 7. Be3 Nc6 8. Rc1
O-O 9. b3 Re8 10. Be2 Bg5 11. Qd2 Bxe3 12. fxe3 Qh4+ 13. g3 Qg5 14. Nf3 Qxe3
15. Qxe3 Rxe3 16. c5 Bg4 17. O-O dxc5 18. dxc5 Nd7 19. Rf2 Rae8 20. Rc2 Bxf3
21. Bxf3 Nd4  0-1

[Event "34. Bayerische Senioren EM"]
[Site "Bergen im Chiemgau"]
[Date "2024.05.30"]
[Round "3.25"]
[White "Dreiseitel, Werner"]
[Black "Lehmann, Edwin"]
[Result "0-1"]
[WhiteElo "1724"]
[BlackElo "1933"]
[PlyCount "68"]
[EventDate "2024.??.??"]
[WhiteTeam "SW Nürnberg Süd"]
[BlackTeam "SK Königsspringer Emden"]

{[%evp 0,68,14,14,74,64,64,57,107,78,94,73,62,33,25,36,74,35,35,41,36,37,16,-7,
12,19,23,5,6,10,50,10,0,-63,-50,-99,-76,-86,-76,-76,-76,-109,-121,-218,-123,
-202,-204,-242,-306,-279,-279,-428,-289,-433,-433,-337,-245,-499,-520,-651,
-692,-1276,-913,-1275,-1058,-1364,-1623,-29983,-847,-858,-664]} 1. d4 f5 2. Bf4
Nf6 3. Nf3 d6 4. e3 g6 5. Be2 Bg7 6. c3 O-O 7. Nbd2 c6 8. Qc2 Nbd7 9. h3 Nd5
10. Bh2 e5 11. dxe5 dxe5 12. e4 fxe4 13. Nxe4 Qe7 14. O-O Nf4 15. Bc4+ Kh8 16.
Nfg5 Nb6 17. Bb3 h6 18. Bxf4 Rxf4 19. Nf3 Bxh3 20. gxh3 Rxf3 21. Kh2 Nd5 22.
Ng3 Qf6 23. Rae1 Rf8 24. Bxd5 cxd5 25. Kg2 e4 26. Qd2 Rd3 27. Qe2 h5 28. a3 Qg5
29. Kh2 Be5 30. Rg1 h4 31. f4 Qxf4 32. Ref1 Rf3 33. Rxf3 Qxf3 34. Qxf3 Rxf3 0-1

[Event "34. Bayerische Senioren EM"]
[Site "Bergen im Chiemgau"]
[Date "2024.05.30"]
[Round "3.26"]
[White "Krause, Helmut"]
[Black "Mayr, Günter"]
[Result "0-1"]
[WhiteElo "1694"]
[BlackElo "1925"]
[PlyCount "98"]
[EventDate "2024.??.??"]
[WhiteTeam "SK Freilassing"]
[BlackTeam "RW Klettham SAB"]

{[%evp 0,98,14,14,27,16,18,10,37,20,31,10,23,31,53,61,54,60,64,56,67,61,68,53,
68,0,42,42,97,11,136,123,138,55,46,76,61,64,77,72,100,84,79,95,102,102,102,44,
59,36,29,22,97,97,95,61,66,42,48,39,35,20,61,26,44,13,42,0,4,-23,27,-1,26,10,0,
0,0,14,11,0,0,-124,-139,-131,-115,-137,-137,-142,-142,-142,-140,-252,-142,-251,
-220,-247,-271,-282,-367,-2349,-29982]} 1. d4 d5 2. Nf3 Nf6 3. e3 c5 4. dxc5
Nc6 5. c3 e5 6. b4 Bg4 7. Be2 e4 8. Nd4 Bxe2 9. Qxe2 Ne5 10. Qb5+ Qd7 11. Qxd7+
Kxd7 12. h3 a5 13. Ke2 axb4 14. cxb4 Ra4 15. Bd2 b6 16. Nc3 Rxb4 17. cxb6 Rxb6
18. Rhb1 Rxb1 19. Rxb1 Bc5 20. Rb7+ Kc8 21. Rb5 Bxd4 22. exd4 Nc6 23. Rc5 Kb7
24. Ke3 Ne7 25. Nb5 Ne8 26. Bb4 h5 27. Rc3 Nc6 28. Bc5 Rh6 29. Rb3 Kc8 30. Ra3
Kb7 31. Na7 Nc7 32. Nxc6 Rxc6 33. Rb3+ Kc8 34. Rb6 Kd7 35. a4 Ne6 36. Rb7+ Rc7
37. Rb5 f5 38. a5 f4+ 39. Ke2 Nxc5 40. dxc5 Kc6 41. Rb8 Kxc5 42. a6 Ra7 43.
Rc8+ Kb6 44. Rd8 Kc6 45. Rg8 Kc5 46. h4 Kd4 47. Rf8 Rxa6 48. Rxf4 Ra2+ 49. Ke1
Kd3 0-1

[Event "34. Bayerische Senioren EM"]
[Site "Bergen im Chiemgau"]
[Date "2024.05.30"]
[Round "3.27"]
[White "Lechner, Otto"]
[Black "Paul, Ernst"]
[Result "1-0"]
[BlackElo "1781"]
[BlackTeam "ASV J'Adoube Grassau"]
[EventDate "2024.??.??"]
[PlyCount "65"]
[WhiteElo "1913"]
[WhiteTeam "TSV Wertingen"]

1. Nf3 e6 2. d3 d5 3. c3 c5 4. Nbd2 Nc6 5. e4 dxe4 6. dxe4 Be7 7. Qc2 Qc7 8. a4
a5 9. Bb5 Bd7 10. Nc4 f6 11. O-O e5 12. Ne3 Be6 13. Nd5 Qb8 14. Nd2 Kf7 15. Nc4
Bd8 16. Be3 Bxd5 17. exd5 Na7 18. Bd7 Qc7 19. Be6+ Kf8 20. d6 Qc6 21. Rfe1 Nc8
22. Bd5 Qd7 23. Bxc5 Ra6 24. Qb3 b6 25. Ba3 Nh6 26. Qc2 Nf5 27. Be4 g6 28. Qd2
Ng7 29. Qh6 f5 30. Nxe5 Qe6 31. d7+ Ne7 32. Bxe7+ Qxe7 33. Nxg6+  1-0

[Event "34. Bayerische Senioren EM"]
[Site "Bergen im Chiemgau"]
[Date "2024.05.30"]
[Round "3.28"]
[White "Dyballa, Gerhard"]
[Black "Jergler, Karl-Heinz"]
[Result "1/2-1/2"]
[BlackElo "2079"]
[BlackTeam "SC Rottal-Inn"]
[EventDate "2024.??.??"]
[PlyCount "40"]
[WhiteElo "1944"]
[WhiteTeam "SV Meschede"]

1. c4 c5 2. Nc3 Nc6 3. g3 g6 4. Bg2 Bg7 5. Nf3 d6 6. O-O e6 7. e3 Nge7 8. d4 O-O
9. b3 Nf5 10. Ne2 Qe7 11. Bb2 b6 12. Qd2 Bb7 13. Rfd1 Rad8 14. Rac1 Rfe8 15. d5
Bxb2 16. Qxb2 exd5 17. cxd5 Ne5 18. Nxe5 Qxe5 19. Qxe5 Rxe5 20. a4 Ng7  1/2-1/2

[Event "34. Bayerische Senioren EM"]
[Site "Bergen im Chiemgau"]
[Date "2024.05.30"]
[Round "3.29"]
[White "Dreiseitel, Ursula"]
[Black "Hansch, Klaus-Michael"]
[Result "0-1"]
[WhiteElo "1668"]
[BlackElo "1897"]
[PlyCount "120"]
[EventDate "2024.??.??"]
[WhiteTeam "SW Nürnberg Süd"]
[BlackTeam "SC Weisse Dame e.V."]

{[%evp 0,115,14,16,18,17,24,29,28,30,18,8,17,8,20,19,37,21,35,-6,28,28,29,6,10,
9,8,18,17,-1,19,-14,-6,0,0,0,18,-26,-8,-2,1,-41,-30,-30,-15,-5,-11,-19,-13,-79,
-76,-76,-52,-55,-61,-64,-64,-76,-64,-102,-101,-117,-81,-74,-68,-81,-71,-76,-76,
-98,-81,-170,-143,-160,-168,-168,-164,-200,-204,-203,-152,-149,-150,-172,-173,
-180,-181,-201,-201,-212,-195,-203,-198,-205,-207,-214,-214,-214,-214,-214,
-182,-199,-214,-524,-607,-1332,-1513,-1513,-1266,-1326,-1452,-1513,-1531,-1604,
-1605,-1802,-2248,-28248]} 1. d4 Nf6 2. Bf4 d5 3. Nf3 Bf5 4. e3 Nbd7 5. c4 e6
6. Nc3 c6 7. Be2 Be7 8. O-O O-O 9. a3 dxc4 10. Bxc4 Nb6 11. Be2 Nbd5 12. Nxd5
Nxd5 13. Bg3 Qb6 14. Qd2 Nf6 15. b4 Ne4 16. Qb2 Nxg3 17. hxg3 a5 18. b5 c5 19.
Rfc1 Rac8 20. dxc5 Rxc5 21. Nd4 Rfc8 22. Nxf5 exf5 23. Rxc5 Qxc5 24. Qd4 Qxd4
25. exd4 Rd8 26. Bf3 b6 27. d5 Rc8 28. a4 Rc2 29. Re1 Kf8 30. Kf1 g6 31. Re2
Rc4 32. Rd2 Bd6 33. Bd1 Ke7 34. Bc2 Kd7 35. f4 Bc5 36. Bb3 Rc3 37. Bc2 Rxg3 38.
Bd1 Rc3 39. Ke2 Be3 40. Rd3 Rxd3 41. Kxd3 Bxf4 42. Ke2 Kd6 43. Bb3 Be5 44. Kf3
f6 45. Bc4 Kc5 46. Bb3 Kb4 47. Bc2 Kc4 48. Bd1 Kxd5 49. Bb3+ Kd6 50. Bg8 Ke7
51. Bxh7 Kf7 52. Bxg6+ Kxg6 53. Ke3 Bd6 54. Kd3 Bc5 55. Ke2 Kg5 56. Kf3 f4 57.
g3 fxg3 58. Kxg3 Kf5 59. Kf3 Bd4 60. Kg3 Ke4 0-1

[Event "34. Bayerische Senioren EM"]
[Site "Bergen im Chiemgau"]
[Date "2024.05.30"]
[Round "3.30"]
[White "Huber, Walter"]
[Black "Burg, Henk"]
[Result "1-0"]
[WhiteElo "1894"]
[BlackElo "1774"]
[PlyCount "97"]
[EventDate "2024.??.??"]
[WhiteTeam "SG Traunstein/Traunreut"]
[BlackTeam "Hmc Den Bosch"]

{[%evp 0,97,18,-9,-3,-51,-33,-35,-20,-23,-32,-26,-10,-2,3,10,3,-8,-3,-4,13,-19,
-3,-13,10,22,12,2,13,-3,73,69,52,31,57,57,78,-23,61,66,68,74,77,109,98,58,140,
162,161,169,173,153,173,166,166,128,146,107,122,120,130,118,127,110,127,119,
127,123,114,126,226,241,261,182,158,122,116,105,151,134,152,121,260,274,275,
287,323,321,333,311,319,306,330,339,328,347,350,363,402,371]} 1. c4 e5 2. g3
Bc5 3. Bg2 Nf6 4. Nc3 Nc6 5. a3 a6 6. e3 Ba7 7. Nge2 d6 8. b4 O-O 9. d3 Ne7 10.
Nd5 Nfxd5 11. cxd5 c6 12. dxc6 bxc6 13. d4 Rb8 14. O-O Bb7 15. dxe5 dxe5 16.
Qc2 Qc7 17. Bb2 f6 18. Nc1 Bc8 19. Qc4+ Kh8 20. Nb3 Qb6 21. Rfc1 Qb5 22. Qc3 c5
23. Nxc5 Bxc5 24. Qxc5 Qxc5 25. Rxc5 Bb7 26. Bxb7 Rxb7 27. Rac1 h6 28. Kf1 Kg8
29. Ke2 Kf7 30. Rd1 Rc8 31. Rdc1 Rxc5 32. Rxc5 Ke6 33. e4 Rb5 34. Rc7 Kd6 35.
Ra7 Rb6 36. Bc3 Ke6 37. Kd3 Rd6+ 38. Kc2 Rb6 39. Bd2 Rc6+ 40. Kb1 Rb6 41. Be3
Rd6 42. Bc5 Rd7 43. Rxa6+ Kf7 44. Ra7 Rxa7 45. Bxa7 Nc6 46. Be3 Ke7 47. Kc2 Kd7
48. b5 Nb8 49. Bc5 1-0